000 00691nam a2200289Ia 4500
005 20260324145214.0
008 008 260324s9999 xx 000 0 eng d
020 _a9781003378549
037 _aEBOOK
040 _aCRL
040 _beng
040 _cCRL
041 _2eng
041 _aeng
084 _qCRL
100 _aEdward Ingram
_91197697
245 0 _aIn Defence of British India
245 0 _bGreat Britain in the Middle East, 1775–1842
260 _bTaylor and Francis
260 _c1984
365 _a
365 _b160
856 _uhttp://www.taylorfrancis.com/books/9781003378549
942 _cEBOOK
999 _c1829722
_d1829722